Biblioteca

Psalm 91 and demonic menace / (Registro nro. 67895)

Detalles MARC
000 -LÍDER
Campo fijo de descripción fija 02350cam a2200373 i 4500
001 - NÚMERO DE CONTROL
Campo de control 768714001
003 - IDENTIFICADOR DEL NÚMERO DE CONTROL
Campo de control CO-MdFUSB
005 - FECHA Y HORA DE LA ULTIMA TRANSACCIÓN
control field 20220615160316.0
007 - CAMPO FIJO DE DESCRIPCIÓN FIJA--INFORMACIÓN GENERAL
Campo fijo de descripción fija ta
008 - ELEMENTOS DE LONGITUD FIJA -- INFORMACIÓN GENERAL
Campo fijo de descripción fija -- Información general 200609t20202020ne a b 001 0 eng
020 ## - NÚMERO INTERNACIONAL NORMALIZADO PARA LIBROS
Número Internacional Normalizado del libro 9789004427884
040 ## - FUENTE DE CATALOGACIÓN
Agencia de catalogación original DLC
Idioma de catalogación eng
Convenciones de la descripción rda
Agencia que realiza la transcripción CO-MdFUSB
Agencia que realiza la modificación NLTRS
-- YDX
-- OCLCF
-- GRU
-- PTS
-- MR4
-- CGU
-- CHVBK
-- ERASA
-- UKMGB
-- QGE
-- GUA
-- DLC
-- OCLCO
-- GZM
-- J9U
-- LML
041 ## - CÓDIGO DE IDIOMA
Código de idioma para texto/pista de sonido o título separado eng
082 ## - NÚMERO DE CLASIFICACIÓN DECIMAL DEWEY
Número de la edición del Dewey 23
Número de clasificación 223.206
Clave de autor-Numero de item V979
100 1# - ASIENTO PRINCIPAL--NOMBRE PERSONAL
Nombre personal Vreugdenhil, Gerrit C.,
Término relacionador autor
245 10 - TÍTULO
Título del Material Psalm 91 and demonic menace /
Mención de responsabilidad, etc. Gerrit C. Vreugdenhil.
246 30 - FORMA VARIANTE DEL TITULO
Título propiamente dicho/forma breve del título Psalm ninety-one and demonic menace.
264 #1 - PRODUCCIÓN, PUBLICACIÓN, DISTRIBUCIÓN, MANUFACTURA, Y COPYRIGHT
Lugar de producción, publicación, distribución, manufactura Leiden ;
-- Boston :
Nombre del productor, publicador, distribuidor Brill,
Fecha de producción, publicación, distribución, manufactura, o copyright [2020]
264 #4 - PRODUCCIÓN, PUBLICACIÓN, DISTRIBUCIÓN, MANUFACTURA, Y COPYRIGHT
Fecha de producción, publicación, distribución, manufactura, o copyright ©2020.
300 ## - DESCRIPCIÓN FÍSICA
Extensión 491 páginas :
Otros detalles físicos ilustraciones a color
Dimensiones 25 cm.
336 ## - TIPO DE CONTENIDO
Término de tipo de contenido texto
Código de tipo de contenido txt
Fuente rdacontent.
337 ## - TIPO DE MEDIO
Nombre del tipo de medio sin mediación
Código del tipo de medio n
Fuente rdamedia.
338 ## - TIPO DE SOPORTE
Nombre del tipo de soporte volumen
Código Tipo de soporte nc
Fuente rdacarrier.
490 1# - MENCIÓN DE SERIE
Mención de serie Oudtestamentische Studiën,
504 ## - NOTA DE BIBLIOGRAFÍA, ETC.
Nota de bibliografía, etc Incluye referencias bibliográficas (páginas 443-461) e índices.
505 ## - NOTA DE CONTENIDO
Nota de contenido con formato preestablecido Introducción -- Demonios en el Antiguo Cercano Oriente -- Demonios en el Antiguo Israel -- Texto y estructura del Salmo 91 -- Contexto y género del Salmo 91 -- La tensión entre texto y contexto -- Imágenes de amenaza -- Imágenes de Protección - - Amenaza demoníaca, protección divina y confianza.<br/>
520 ## - NOTA DE RESUMEN, ETC.
Nota de sumario, etc. "En el Salmo 91 y la amenaza demoníaca, Gerrit Vreugdenhil ofrece un análisis exhaustivo del texto, la estructura y el género del Salmo 91. Ya en sus primeras interpretaciones, el Salmo 91 se ha asociado con el reino demoníaco. El uso de este salmo en amuletos antiguos y en Los textos mágicos exigen una explicación. Al examinar las imágenes de amenaza de los salmos desde una perspectiva de la ciencia cognitiva, Vreugdenhil muestra que muchos de estos términos tienen asociaciones con hechicería y magia, encantamientos y maldiciones, enfermedades y amenazas demoníacas. El salmo toma en serio la amenaza demoníaca, pero también llama la atención sobre la protección ofrecida por JHWH. Finalmente, el autor propone un bosquejo del contexto situacional en el que el Salmo 91 podría haber funcionado"--
563 ## - NOTA DE ENCUADERNACIÓN
Nota de encuadernación Pasta dura
630 #7 - TITULO UNIFORME
Título uniforme Biblia.
Nombre de parte o sección de la obra Salmos
Subdivisión de materia general Crítica, interpretación, etc.
830 #0 - PUNTO DE ACCESO ADICIONAL DE SERIE - TÍTULO UNIFORME
Título uniforme Oudtestamentische studiën ;
942 ## - TIPO DE MATERIAL (KOHA)
Tipo de Item KOHA Libros General
945 ## - INFORMACIÓN LOCAL DEL REGISTRO
Catalogador JTF-925
Existencias
Estado de Material Estado de Perdido Forma de Clasificación Estado de Dañado No para Préstamo Colección Biblioteca de Origen Biblioteca Permanente Fecha de Adquisición Área Total de Préstamos Total de Renovaciones Signatura Topográfica Código de Barras Última vez visto Última vez Préstado Ejemplar/Existencia Fecha de Remplazo Tipo de Material
    Dewey Decimal Classification     Colección General Biblioteca FUSBC Biblioteca FUSBC 23/05/2022 BIBLIA 3 1 G 223.206 V979p 24749 08/11/2023 07/11/2023 Ej. 1 23/05/2022 Libros General

Biblioteca FUSBC | Teléfono: (57+4) 349 88 10 Ext. 141| WhatsApp (+57) 3005338115 
E-mail: biblioteca@unisbc.edu.co | Calle 76 87-14 Robledo Palenque, Medellín, Colombia

Con tecnología Koha